000 02500 ab a2200541 4500
003 AR-RoUNA
008 140529||||||||||||||||| |||| 0|||| d
022 _a0213487X
040 _aAR-RoUNA
_bspa
041 _aspa
_aeng
044 _asp
100 1 _aFernández-Galiano, Luis
_edir. ed.
_95379
245 _aAV Monografías
_n Nº 252
_bGrafton Architects
260 _aMadrid :
_bArquitectura Viva SL,
_c1985
300 _a108 p. :
_bplantas
_bplanos
_c30x22 cm
505 0 _tGRAFTON ARCHITECTES / ARQUITECTOS GRAFTON
505 0 _aFernández Galeano Luis/ Tectónica topográfica. p. 3
505 0 _aVon Moos Stanilaus/ Romance en el campus. p. 4
505 0 _tTERRENO CONOCIDO
505 0 _aMinisterio de Economía, 2002 -2007 (Dublin. Irlanda). p. 12
505 0 _aSede central de ESB, 2010-2022 (Dublin. Irlanda). p. 16
505 0 _aBiblioteca de Dublin, 2014 (Dublin. Irlanda). p. 24
505 0 _aDublin Central O Conell St.,2020, (Dublin. Irlanda). p. 28
505 0 _tUNA NUEVA GEOGRAFÍA
505 0 _aCasa del rector, 2006-2011 (Limerick Irlanda). p. 32
505 0 _aEscuela de Minas y Telecomunicaciones, 2013-2019 (Paris-Saclaly Francia). p. 36
505 0 _aCentro Civico Booterstow, 2018 (Dublin. Irlandia). p .44
505 0 _aUNiversidad Nacional de Kongju,2020 (Gongju-si. Corea del Sur). p.48
505 0 _tLA LUZ COMO MATERIAL
505 0 _aInstituto de Urbanismo de Irlanda, 2000-2002 (Dublin. Irlanda). p. 52
505 0 _aFacultad de Medicina y residencia, 2007-2013 (Limerick. Irlanda). p. 56
505 0 _aFacultad de Economía de Toulouse, 2009- 2019 (Tolouse. Francia). p. 66
505 0 _aCentro Universitario Town House, 2013-2019 (Londres. Reino Unido). p. 72
505 0 _tDIALOGOS CON GRAVEDAD
505 0 _aUniversidad Luigi Bocconi, 2002-2008 (Milán. Italia). p. 82
505 0 _aNuevo Campus de la UTEC, 2011-2015 (Lima. Perú). p. 88
505 0 _aEdificio Marshall -LSE, 2016 -2022 (Londres. Reino Unido). p. 96
505 0 _aCentro Anthony Timberland, 2019 (Fayetteville, Arkansas. EE,UU). p. 104
505 0 _aY Vonne Farell/ Shelley Mc Namara/ Fragmentos del futuro. p. 108
650 _aArquitectura Contemporanea
_9431
650 _aMuseos
_91136
651 _aBrasil
_9677
773 0 _aAV Monografias = AV Monographs
_dMadrid, Arquitectura Viva, 1985
_gnº252 (2023) p.108
_x0213487X
908 _aImp
942 _2udc
_cART
945 _aMBP
_d2022-08-29
980 _8
_gCRON CRON
_61
_aMaricel Allasia
999 _c12293
_d12293